书目信息 |
| 题名: |
国家执业药师资格考试历年真题试卷与解析
|
|
| 作者: | 本书编委会编写 | |
| 分册: | 药学专业 | |
| 出版信息: | 北京 中国医药科技出版社 2014 |
|
| 页数: | 335页 | |
| 开本: | 26cm | |
| 丛书名: | ||
| 单 册: | ||
| 中图分类: | R192.8-44 | |
| 科图分类: | ||
| 主题词: | 药物学--Yao Wu Xue--药剂人员--资格考试--解题 | |
| 电子资源: | ||
| ISBN: | 978-7-5067-6662-3 | |
| 000 | 01199nam0 2200289 450 | |
| 001 | 1663126906 | |
| 005 | 20133729023749.0 | |
| 010 | @a978-7-5067-6662-3@dCNY55.00 | |
| 100 | @a20140415d2014 em y0chiy0120 ea | |
| 101 | 0 | @achi |
| 102 | @aCN@b110000 | |
| 105 | @ak q 000yy | |
| 106 | @ar | |
| 200 | 1 | @a国家执业药师资格考试历年真题试卷与解析@AGuo Jia Zhi Ye Yao Shi Zi Ge Kao Shi Li Nian Zhen Ti Shi Juan Yu Jie Xi@i药学专业@f本书编委会编写 |
| 205 | @a第6版 | |
| 210 | @a北京@c中国医药科技出版社@d2014 | |
| 215 | @a335页@d26cm | |
| 300 | @a依据2014年考试大纲编写 | |
| 305 | @a2009年第1版 | |
| 330 | @a本书由具有丰富考前培训专家执笔,按照最新大纲和考试要求,依据历年考题,精心编撰组卷,书中含四个科目,每个科目各有六套试卷。书后附有精选解析,有助于考生强化记忆、提高答题技巧,帮助考生灵活应对考试、顺利通关。 | |
| 333 | @a药师考试必备参考书 | |
| 512 | 1 | @a2014国家执业药师资格考试历年真题试卷与解析@A2014 Guo Jia Zhi Ye Yao Shi Zi Ge Kao Shi Li Nian Zhen Ti Shi Juan Yu Jie Xi@i药学专业 |
| 517 | 1 | @a药学专业@AYao Xue Zhuan Ye |
| 606 | 0 | @a药物学@AYao Wu Xue@x药剂人员@x资格考试@j解题 |
| 690 | @aR192.8-44@v5 | |
| 801 | 0 | @aCN@b江苏新华@c20150511 |
| 905 | @aBZT@dR192.8-44@e3 | |
| 国家执业药师资格考试历年真题试卷与解析.药学专业/本书编委会编写.-第6版.-北京:中国医药科技出版社,2014 |
| 335页;26cm |
| 依据2014年考试大纲编写.-使用对象:药师考试必备参考书 |
| ISBN 978-7-5067-6662-3:CNY55.00 |
| 本书由具有丰富考前培训专家执笔,按照最新大纲和考试要求,依据历年考题,精心编撰组卷,书中含四个科目,每个科目各有六套试卷。书后附有精选解析,有助于考生强化记忆、提高答题技巧,帮助考生灵活应对考试、顺利通关。 |
| ● |
| 相关链接 |
|
|
|
正题名:国家执业药师资格考试历年真题试卷与解析
索取号:R192.8-44/3
 
预约/预借
| 序号 | 登录号 | 条形码 | 馆藏地/架位号 | 状态 | 备注 |
| 1 | 797590 | 2000797590 | 第二书库/ [索取号:R192.8-44/3] | 在馆 | |
| 2 | 797591 | 2000797591 | 第二书库/ [索取号:R192.8-44/3] | 在馆 | |
| 3 | 797592 | 2000797592 | 第二书库/ [索取号:R192.8-44/3] | 在馆 |